000 00603nam a2200229Ia 4500
003 OSt
005 20220924150415.0
006 a|||||r|||| 00| 0
007 ta
008 220923b |||||||| |||| 00| 0 tel d
024 _a333017
037 _cTextual
040 _aARTS
_cARTS
_btel
041 _2tel
_atel
082 _aO35,1J:g, N2
100 _aRajagopacharyulu S.T.V.
_9222051
245 0 _aTallapaka chinnanna sahitya sameeksha
260 _c1992
650 _aTELUGU POETRY
942 _hO35,1J:g, N2
_cTEXL
_2CC
999 _c463219
_d463219